000 00701nam a22002417a 4500
999 _c5927
_d5927
003 AR-CdUCM
008 190313b ||||| |||| 00| 0 spa d
040 _aMUNICIPALIDAD PROVINCIAL DEL CUSCO
_cBIBLIOTECA MUNICIPAL DEL CUSCO
082 _a869.56 /
_bC38
100 _aCavero Arista, Segundo
_917431
245 _aSentimiento Compartido /
260 _aPucallpa :
_bInstituto Nacional de Cultura,
300 _a10 paginas ;
_c20cm.
500 _aColeccion: Taquina de la poesia
650 _aPoesia
_95517
650 _aPeru
_9429
650 _aPucallpa
_917432
650 _aLiteratura
_983
650 _aSiglo XX
_98
650 _aRomanticismo
_9518
942 _2ddc
_cLIBROS
945 _apjha